| 000 | 00975nam a22002057a 4500 | ||
|---|---|---|---|
| 999 |
_c10212 _d10212 |
||
| 003 | AR-CdUCM | ||
| 008 | 190329b ||||| |||| 00| 0 spa d | ||
| 040 |
_aMUNICIPALIDAD PROVINCIAL DEL CUSCO _cBIBLIOTECA MUNICIPAL DEL CUSCO |
||
| 082 |
_a363.25 / _bD71 / 1950 |
||
| 100 |
_aDi Tullio, Benigno _926929 |
||
| 245 |
_aTratado de antropología criminal : _bestudio clínico y médico legal para uso de médicos, Juristas y estudiantes / |
||
| 260 |
_aBuenos Aires : _bIPAC, _c1950. |
||
| 300 |
_a770 páginas : _c23 cm. |
||
| 505 | _aContenido: El estudio de la personalidad del delincuente en la moderna lucha contra el delito -- La antropología criminal y sus mas importantes fases de desarrollo -- Causas bio-sociológicas del delito -- Dinámica criminal -- Examen de la personalidad del delincuente ... | ||
| 650 |
_aCriminología _97441 |
||
| 650 |
_aPrueba penal _97802 |
||
| 710 |
_aInstituto panamericano de cultura _926930 |
||
| 942 |
_2ddc _cLIBROS |
||
| 945 | _aacv | ||